Polskie miasta i wsie w piosenkach Braci Figo Fagot - Statystyki

Ogólne statystyki
  • Ten quiz został rozwiązany 62 razy
  • Średni wynik to 9 z 18
Odpowiedzi na mapie
Odpowiedzi zakodowano w zielono-czerwonej skali na mapie do tego quizu, zgodnie z poniższymi procentami.
 
Statystyki odpowiedzi
Miasto/Wieś Piosenka % Poprawnych
Chłopiec z {Warszawy} ło oh oh W golfie śnieżnobiałym ło oh oh Chłopiec z _______
82%
....do {Szczecina}Nie uświadczysz Pendolina Polska
77%
Tydzień w {Zakopanym} droższy niż w Chorwacji miesiąc
Za to góry jakie piękne! Oscypek, ciupaga, Giewont
To pijany rycerz drzemie, gdy cepry wódkę piją
Dudki lecą w baranicę, w górach przecie kaca ni mo!
Lato i morze
75%
Unoszę wędzisko, nagle błysk Nic już nie widzę, erka {Olsztyn}! Lato i morze
70%
Od {Rzeszówa}.... Polska
57%
Od {Mielenka}... Zakochany delfin
55%
Spotkałem ją na plaży w {Mielnie} przy zejściu przy foce Na bosaka i w bikini pali szluga aż się pocę Ajem USA
55%
Wybraliśmy się do {Konina}Przedmieścia burdelik przysiadła się piękna dziewczyna Ukraina Coś za coś
52%
Janko, Janeczko Czy pamiętasz {Zduńską Wolę} Białą Corsę z rejestracją EZD Janko, Janeczko
50%
Wracaliśmy z {Bełchatowa}... Coś za coś
50%
Myk myk myk disco polo Polo polo polo Myk myk Elegancja Francja {Dawidy Bankowe} Bożenka
48%
Dziękujemy serdecznie!
Zapraszamy teraz do bufetu
Krótka przerwa i gramy dalej
dzisiaj - do północy dancing
{Augustów}, Albatros - dziękujemy!
Albatros Dalej Gra
41%
Figo dlaczego on wciąż krzyczy o {Szczytnie}? Czy ja o czymś nie wiem, niech mnie ktoś uszczypnie Pakistański chłopiec
36%
Nagle lep na ryja Jezus Maryja eh Szczeka na mnie pies Polonezem wiózł mnie brat do {Moniek} na zszywanie Nogą tylko się zajęli choć serce mam złamane Nie zaufam nigdy już
32%
....aż po {Dźwinów}
Zakochany delfin pływa
Szuka foki - blondyneczki
Która co noc mu się śniła
Zakochany delfin
27%
Jednostka w {Przasnyszu} stu poborowych Staś kartkę z przysięgą rozwija Nie dostrzegł że chorąży go dostrzegł Ballada o Stachu żołnierzu
27%
Od {Buczka} aż po Siwuch Płoty plotka niesie Że Madzia Szumoń z Bydlęcina oddaje się Madziu, Magdo, Magdaleno
25%
...Półoś urwana koło {Zelowa}Słońce nad głową, Bułgaria przy szosie Głupi nie skorzysta, dziękuję ci, losie Coś za coś
16%
Nie znaleziono quizów pasujących do podanych kryteriów
Rozkład punktacji
Procent ludzi z każdym wynikiem
Percentyl według liczby udzielonych odpowiedzi
Twoja historia wyników
Nie rozwiązałeś tego quizu